¿Crecen los árboles sobre el dinero? (Registro nro. 18850)

Detalles MARC
000 -CABECERA
Campo de control 01223nam a2200337 4500
005 - FECHA Y HORA DE LA ULTIMA TRANSACCION
Campo de control 20200104041748.0
008 - ELEMENTOS DE LONGITUD FIJA—INFORMACION GENERAL
Campo de control 160628t2008 io ao|||r|||| 00| 0 spa d
020 ## - ISBN
ISBN 9789791412599
040 ## - FUENTE DE CATALOGACIÓN
Agencia catalogadora original CO-BoIAVH
Agencia transcriptora CO-BoIAVH
041 0# - IDIOMA
Código de idioma para texto/pista de sonido o título separado Español
044 ## - PAÍS DE PUBLICACIÓN
País de publicación Indonesia
082 04 - NUMERO DE CLASIFICACION DECIMAL DEWEY
Número de clasificación 333.7516
Número del ítem K16c
100 1# - ASIENTO PRINCIPAL--NOMBRE PERSONAL
Nombre personal Kanninen, Markku
Término relacionado autor
9 (RLIN) 16903
245 11 - MENCION DE TITULO
Título ¿Crecen los árboles sobre el dinero?
Parte restante del título Implicaciones de la investigación sobre la deforestación en las medidas para promover la REDD /
Mención de responsabilidad Markku Kanninen [y otros 5]
260 ## - PUBLICACION, DISTRIBUCION, ETC. (PIE DE IMPRENTA)
Lugar de publicación, distribución, etc. Jakarta, Indonesia :
Nombre del editor, distribuidor, etc. CIFOR,
Fecha de publicación, distribución, etc. 2008.
300 ## - DESCRIPCION FISICA
Extensión viii, 62 páginas :
Otros detalles físicos ilustraciones y fotografías a color ;
Dimensiones 25 x 17 cm.
504 ## - NOTA DE BIBLIOGRAFIA, ETC.
Nota de bibliografía Incluye referencias bibliográficas.
650 26 - ASIENTO SECUNDARIO DE MATERIA - TERMINO TEMATICO
Término temático o nombre geográfico como elemento de entrada Deforestación
9 (RLIN) 266
650 26 - ASIENTO SECUNDARIO DE MATERIA - TERMINO TEMATICO
Término temático o nombre geográfico como elemento de entrada Bosques
9 (RLIN) 92270
650 26 - ASIENTO SECUNDARIO DE MATERIA - TERMINO TEMATICO
Término temático o nombre geográfico como elemento de entrada Bosques
Subdivisión general secuestro de carbono
9 (RLIN) 72481
650 26 - ASIENTO SECUNDARIO DE MATERIA - TERMINO TEMATICO
Término temático o nombre geográfico como elemento de entrada Degradación
9 (RLIN) 3250
650 26 - ASIENTO SECUNDARIO DE MATERIA - TERMINO TEMATICO
Término temático o nombre geográfico como elemento de entrada Carbón
9 (RLIN) 11383
650 26 - ASIENTO SECUNDARIO DE MATERIA - TERMINO TEMATICO
Término temático o nombre geográfico como elemento de entrada Gobernancia
9 (RLIN) 72484
650 26 - ASIENTO SECUNDARIO DE MATERIA - TERMINO TEMATICO
Término temático o nombre geográfico como elemento de entrada Cambio climático
9 (RLIN) 98479
700 1# - ASIENTO SECUNDARIO - NOMBRE PERSONAL
Nombre personal Murdiyarso, Daniel
Término de relación autor
9 (RLIN) 72468
700 1# - ASIENTO SECUNDARIO - NOMBRE PERSONAL
Nombre personal Seymour, Frances
Término de relación autor
9 (RLIN) 72469
700 1# - ASIENTO SECUNDARIO - NOMBRE PERSONAL
Nombre personal Angelsen, Arild
Término de relación autor
9 (RLIN) 9298
700 1# - ASIENTO SECUNDARIO - NOMBRE PERSONAL
Nombre personal Wunder, Sven
Término de relación autor
9 (RLIN) 72470
700 1# - ASIENTO SECUNDARIO - NOMBRE PERSONAL
Nombre personal German, Laura
Término de relación autora
9 (RLIN) 72471
942 ## - ELEMENTOS ADICIONALES (KOHA)
Sistema de clasificación Dewey Decimal Classification
Tipo de ítem Libro
Existencias
Withdrawn status Lost status Sistema de Clasificación Damaged status No para préstamo Colección Inventariado Ubicación Permanente Ubicación actual Fecha de adquisición Fuente de Valor Valor Total Checkouts Número topográfico Inventario / Código de Barras Date last seen Ejemplar Price effective from Forma de adquisición Tipo de material
    Dewey Decimal Classification     General Inventariado 2017 Bogotá Bogotá 28/06/2016 Instituto 39000.00   LB-333.7516 K16c 034921 28/06/2016 Ej. 1 28/06/2016 Donación Libro